Kvalitatívne požiadavky na zariadenie cestovného ruchu a spôsob ich hodnovernej komunikácie bakalárska práca

Saved in:
Bibliographic Details
Main Author: Kintlerová, Ema
Corporate Author: Obchodná fakulta EU. Katedra tovaroznalectva a kvality tovaru
Other Authors: Strhan, Rastislav, 1968-
Format: Book
Language:Slovak
Published: Bratislava 2019
Tags: Add Tag
No Tags, Be the first to tag this record!

MARC

LEADER 00000nbm a2200000 4500
001 0255755
005 20191030082800.4
041 0 |a slo 
044 |a SK 
245 1 0 |a Kvalitatívne požiadavky na zariadenie cestovného ruchu a spôsob ich hodnovernej komunikácie  |b bakalárska práca  |c Ema Kintlerová ; školiteľ: Rastislav Strhan 
264 1 |a Bratislava  |c 2019 
300 |a 53 s. 
100 1 |a Kintlerová, Ema 
700 1 |a Strhan, Rastislav, 1968- 
710 2 |a Obchodná fakulta EU. Katedra tovaroznalectva a kvality tovaru